Quizzes
Events
Quiz Creation
Community
Videos
Private Events
Remove Ads
Sign In
Join for FREE
Feedback
Dark Mode
Quiz Categories
Sports
Geography
Music
Movies
Television
Just For Fun
Miscellaneous
History
Literature
Language
Science
Gaming
Entertainment
Religion
Holiday
For Kids
Quiz Lab
Recent
Popular Today
Quiz Kudos Today
Editor Picks
Curator Picks
Quizzes by...
Day
Popularity
Type
Ratings
Length
Year
Community
Subscriptions
Recent Discussions
Orange Saloon
Badges
Playlists
Quests
Create
Leaderboards
Showdown
Live 5
Trivia Bingo
Activity
Puzzle Library
Sporcle Events
Private Events
Virtual Trivia
Globe League
Become a Host
Pub Owners
SporcleCon
Opinionation
Our Games
Videos
Blog
Mobile Apps
Partnerships
Remove Ads and Go Orange
Feedback
Just For Fun
Clickable
Get the Picture
Humor
Quick Pick
Word Ladder
Missing Word
Mixed Word
Blitz
Minefield
This or That
Alphabet
Color
Typing
Sporcle
Puzzle
Word Play
Follow That Line
Logic
Just For Fun
Clickable
Get the Picture
Humor
Quick Pick
Word Ladder
Missing Word
Mixed Word
Blitz
Minefield
This or That
Alphabet
Color
Typing
Sporcle
Puzzle
Word Play
Follow That Line
Logic
Random Quiz
Search Sporcle
×
Quiz Lab
Quiz Lab
Just For Fun
Letter
Type in answers that appear in a list
Type in answers that appear in a list
Classic
Best Score? Go Orange.
Chess Grandmasters A-Z Stats
Can you name the Chess Grandmasters A-Z?
By
Zibbit
15m
26 Questions
408 Plays
408 Plays
408 Plays
Comments
Comments
Give Quiz Kudos
Give Quiz Kudos
-
- Ratings
hide this ad
More Info
Replay
Link that replays current quiz
Next Quiz
Link to next quiz in quiz playlist
You Got
0%
They Got
Avg Score
43%
Avg Friend Score
Upgrade to see
Score Distribution
Jump to the score distribution portion of the page
Score
0/26
Timer
15:00
0
Plays Today
Letter
Best chess player
% Correct
C
Carlsen/Capablanca
96.3%
K
Kasparov/Karpov/Kramnik
92.4%
A
Anand/Alekhine
91.4%
F
Fischer
83%
T
Tal/Topalov
79.1%
S
Spassky/Smyslov/Steinitz
74.7%
B
Botvinnik
69.8%
L
Lasker/Larsen/Leko
67.8%
E
Euwe
64.4%
N
Nakamura/Ni/Nunn
63.4%
P
Petrosian/Ponomariov
59.5%
G
Gelfand/Grischuk
45.5%
I
Ivanchuk
42.8%
Letter
Best chess player
% Correct
R
Radjabov/Reshevsky/Rubinstein
35.9%
M
Morozevich
25.3%
V
Vachier-Lagrave/Vaganian
21.4%
J
Jakovenko
19.9%
W
Wang
18.9%
O
Onischuk/Olafsson
15.2%
Y
Yusupov
15.2%
X
Xu
14.3%
D
Dreev
13.3%
U
Unzicker/Uhlmann
11.8%
Q
Quinteros
9.3%
H
Hubner
7.1%
Z
Zvjaginsev
5.7%
Quiz Playlist
Details
Report
Send in Message
Add To Playlist
More Info:
Can you name the best chess players ever for each letter? (Authors view)
Classic:
Type in answers that appear in a list
Last Updated: Feb 16, 2017
Quiz Scoreboard
CHALLENGE
Sign Up to Join the Scoreboard
Show All
Scores
Hide
Comments
May contain spoilers
Recently Published
9x9 Crossword: Cartoon Network
by jackfrog10
Miscellaneous
3m
College Basketball Coaching Resumes
by pancakes188
Sports
9m
Billboard Blitz: Fleetwood Mac
by CooCooCachoo
Music
15s
More to Explore
Quiz From the Vault
Featured Blog Post
Where Did the Easter Bunny Come From?
hide this ad
You Might Also Like...
Tags
Letter Quiz
A-Z
chess
Player
Rating
Today's Top Quizzes in Just For Fun
Browse Just For Fun
hide this ad
Today's Top Quizzes in Letter
Browse Letter
Top Contributed Quizzes in Just For Fun
1
Name Just One - 10 to 1: Just For Fun
2
Killer Double Trees 224 - Colour Match-Up
3
Spring Typing Challenge
4
Crossword Whiteout! 49
5
Zeroing In: Just For Fun
6
Survivor Winners Logic Puzzle
7
Word Ladder: Ahoy Matey
8
Word Ladder: Wilderness Weapon
9
Harry Potter Logic - 'In Chains' II
10
Kyle's 122nd Triple Trees
Explore More
Trending Topics
Harry Potter
NBA
Marvel
Anime
Kpop
Crossword
Disney
Song
Puzzle
The Office
Country
Soccer
Pokémon
WWE
NFL
hide this ad
More By:
Zibbit
Quiz
Plays
Rating
Category
Featured
Created
Chess Grandmasters A-Z
408
2.00
Just For Fun
May 26, 2010
FIDE World Chess Champions 1999-2005
100
Sports
May 15, 2010
Go to Creator's Profile
Score Distribution
Quiz Creator Spotlight
Zibbit
Follow
Send a Message
Quizzes Created
-
Created Quiz Play Count
-
More By This Creator
Popular Quizzes Today
1
Find the US States - No Outlines Minefield
2
Find the Countries of Europe - No Outlines Minefield
3
The Countries of the World
4
Find the US States
5
Risky Map Clicking: Biggest States A-Z
6
US States
7
Popular People in 1961
8
Movies - When Are They Set?
More Just For Fun Quizzes
Mini Nurikabe Puzzle XXV
Published
Trending Quizzes
Risky Map Clicking: Least Populous States A-Z
1-10 Letter G Words
1-10 Letter F Words
Risky Map Clicking: Next State Alphabetically
Adjectives in 80s TV Shows
Recently Updated
Leaping Animals
pecheneg
Reality TV Shows (A-Z)
bhenderson79
Rickey Henderson's Hall of Fame Teammates
pecheneg
Champions League XIs: Arsenal
pecheneg
Quick Pick: Celebrities in WWE's Hall of Fame
aduchscher
A-Z Keypad Blitz II
pecheneg
Multiple Oscar Actors
pecheneg
Mystery Phrase Blitz: Oscar 'Best Actors'
pecheneg
F. Scott Fitzgerald Novels
LTH
Pick 3 Villains
ddd62291
Trending Topics
Harry Potter
Marvel
Anime
Crossword
Kpop
NBA
Disney
WWE
Song
NFL
Country
Puzzle
Pokémon
The Office
Soccer
Your Account Isn't Verified!
In order to create a playlist on Sporcle, you need to verify the email address you used during registration. Go to your
Sporcle Settings
to finish the process.
Report this User
Report this user for behavior that violates our
Community Guidelines
.
Details:
Send Report
Go to the Sporcle.com Mobile Site →
Comments